Devine quel rappeur à dit ça : - Statistiques

Statistiques générales
  • Ce quiz a été pris 190 fois
  • Le résultat moyen est 4 sur 15
Statistiques - réponses
Hint Réponse % Correct
La police tue à six étoiles, à toujours se dire belek PNL
69%
Le bonheur se trouve dans la prairie ou au fond de la gorge de ma chérie Kaaris
66%
On tient les blocks, ils tiennent des zizis Maes
60%
J'ai le mort, j'ai le mort, j'ai le mort, j'ai le mort Larry
32%
Et Cendrilon faudra qu'elle s*** pour monter dans le carosse ZKR
28%
Ouais 3amou on a connu la merdeOn a grandi et nos problème c'est la même Naps
24%
Quand on me demande si ça va, je répond toujours que ça va Vald
22%
J'suis toujours à l'affût, qui veut la peau des lions ? Sofiane
18%
Trafic de p***, gramme de coke deux-trois kilos de shit Heuss
15%
Je vais tous leur chier dessus après le café du matin Mister You
13%
Avant tu me critiquais, maintenant tu m'appelles le sang Nakry
12%
On est impliqué, j'sais qu'tu sais, tu m'aimes pas t'as cliqué, tu sais qu'je sais UZI
8%
J'serais toujours dans le bloc sa mère Tiitof
5%
Mes reufs en taule, gardez la force, amitié gâchée pour des fesses Hös Copperfield
2%
On veut marcher autre part que dans les champs du casse-pipe Bekar
1%
Aucun quiz correspondant
Distribution des résultats
% des personnes avec chaque résultat
Percentile par nombre de réponses
Votre historique - résultats
Vous n’avez pas pris ce quiz